Japanese Generals of WWII (1937-1945) - Statistics

General Stats
  • This quiz has been taken 32 times
  • The average score is 1 of 15
Answers on the Grid
Answers color-coded by a green-red scale on the quiz's grid according to % correct below.
Kodama Gentaro
Mutsuhito
Yamashita Tomoyuki
Yamamoto Isoruku
Oyama Iwao
Nogi Maresuke
Itagaki Seishiro
Yamagata Aritomo
Matsui Iwane
Ito Hirobumi
Tojo Hideki
Hata Shunroku
Sugiyama Hajime
Terauchi Masatake
Terauchi Hisaichi
Kan'in Kotohito
Hasegawa Yoshimichi
Honma Masaharu
Okamura Yasuji
Yamada Otozo
Nishio Toshizo
Nagata Tetsuzan
Tanaka Giichi
Katsura Taro
Komatsu Akihito
Konoe Fumimaro
Umezu Yoshijiro
Ozawa Jisaburo
Isamu Cho
Doihara Kenji
Hirota Koki
Togo Heihachiro
 
Answer Stats
Answer % Correct
Tojo Hideki
50%
Yamashita Tomoyuki
38%
Isamu Cho
13%
Kan'in Kotohito
13%
Sugiyama Hajime
13%
Doihara Kenji
0%
Hata Shunroku
0%
Honma Masaharu
0%
Itagaki Seishiro
0%
Matsui Iwane
0%
Nishio Toshizo
0%
Okamura Yasuji
0%
Terauchi Hisaichi
0%
Umezu Yoshijiro
0%
Yamada Otozo
0%
No matching quizzes found
Score Distribution
Percent of People with Each Score
Percentile by Number Answered
Your Score History
You have not taken this quiz